[Event "14. Lichtenberger Sommer"]
[Site "14. Lichtenberger Sommer"]
[Date "2015.08.17"]
[Round "3.63"]
[White "Seitz, Patrick"]
[Black "Thesing, Ansgar"]
[Result "1/2-1/2"]
[WhiteElo "1665"]
[BlackElo "1933"]
[PlyCount "73"]
[EventDate "2015.??.??"]
[WhiteTeam "SR Heuberg-Gosheim"]
[BlackTeam "SC Kreuzberg"]

1. e4 c5 2. Nf3 d6 3. d4 cxd4 4. Nxd4 Nf6 5. Nc3 a6 6. Be2 b5 7. O-O Bb7 8. Bf3
Qc7 9. Nd5 Nxd5 10. exd5 Nd7 11. Re1 Ne5 12. Be4 g6 13. Bf4 Bg7 14. c3 O-O 15.
Nc6 Bxc6 16. dxc6 Rfe8 17. Bg3 Nxc6 18. Qf3 Rac8 19. Rad1 Ne5 20. Bxe5 Bxe5 21.
a3 e6 22. g3 d5 23. Bb1 Bg7 24. Ba2 Qb6 25. Qg4 Red8 26. h4 h5 27. Qg5 d4 28.
Bb1 Rd5 29. Qe7 Qd8 30. Qxd8+ Rcxd8 31. Ba2 R5d6 32. c4 bxc4 33. Bxc4 d3 34.
Rd2 a5 35. Red1 Rc8 36. b3 a4 37. Rxd3 1/2-1/2

[Event "14. Lichtenberger Sommer"]
[Site "14. Lichtenberger Sommer"]
[Date "2015.08.17"]
[Round "3.64"]
[White "Becker, Jared"]
[Black "Kornath, Heinrich"]
[Result "1-0"]
[WhiteElo "1968"]
[BlackElo "1829"]
[PlyCount "79"]
[EventDate "2015.??.??"]
[WhiteTeam "SC Tarrasch München"]
[BlackTeam "SG Eckturm (Berlin)"]

1. e4 c5 2. Nf3 e6 3. d4 cxd4 4. Nxd4 a6 5. Nc3 Qc7 6. g3 Nf6 7. Bg2 Nc6 8. O-O
Bc5 9. Nde2 O-O 10. Na4 Be7 11. c4 b5 12. cxb5 axb5 13. Nac3 Rb8 14. Bf4 d6 15.
Rc1 Qd7 16. Qd2 Rd8 17. Rfd1 b4 18. Na4 Ne5 19. b3 Bb7 20. Qb2 Qb5 21. Nd4 Qa5
22. f3 Ng6 23. Be3 Rdc8 24. Rxc8+ Rxc8 25. Ne2 e5 26. Nb6 Rd8 27. Nc4 Qa6 28.
Nc1 d5 29. Nxe5 dxe4 30. Rxd8+ Bxd8 31. f4 Qd6 32. Qd4 Be7 33. Nc4 Qxd4 34.
Bxd4 h5 35. Nd2 h4 36. Bxf6 Bc5+ 37. Kf1 e3 38. Nc4 hxg3 39. hxg3 Ne7 40. Nd3
1-0

[Event "14. Lichtenberger Sommer"]
[Site "14. Lichtenberger Sommer"]
[Date "2015.08.17"]
[Round "3.65"]
[White "Jansen, Robert"]
[Black "Keusch, Horst"]
[Result "0-1"]
[WhiteElo "1757"]
[BlackElo "1984"]
[PlyCount "130"]
[EventDate "2015.??.??"]
[WhiteTeam "SC Kreuzberg"]
[BlackTeam "SC Eintracht Berlin"]

1. d4 Nf6 2. c4 e6 3. Nc3 Bb4 4. Nf3 d5 5. e3 O-O 6. Bd3 c5 7. a3 Bxc3+ 8. bxc3
dxc4 9. Bxc4 Qa5 10. Qc2 b5 11. Be2 Bb7 12. O-O c4 13. Nd2 Nbd7 14. e4 Nb6 15.
e5 Nfd5 16. Ne4 Na4 17. Bd2 Bc6 18. f4 g6 19. Rf3 f5 20. exf6 Nxf6 21. Nxf6+
Rxf6 22. Rg3 Raf8 23. Re1 Qc7 24. Bg4 Qd6 25. Bc1 Nb6 26. h4 Nd5 27. Re5 Ne7
28. h5 Nf5 29. Rh3 Kg7 30. Qf2 Be8 31. Qe2 Bd7 32. Qf2 a6 33. Bxf5 gxf5 34. Qh4
Kh8 35. h6 Rg6 36. Kh2 Rfg8 37. g4 Qf8 38. g5 Bc6 39. Rc5 Qd6 40. Re5 Be4 41.
Qf2 Rb8 42. Qa2 Qb6 43. Be3 Bd5 44. Rg3 Qa5 45. Qa1 Qa4 46. Qc1 Qb3 47. Rg1 a5
48. Rf1 b4 49. axb4 axb4 50. cxb4 Qxb4 51. Rf2 Rgg8 52. Bd2 Qf8 53. Re3 Qf7 54.
Qe1 Rgc8 55. Ra3 Be4 56. d5 exd5 57. Bc3+ Kg8 58. Bd4 Rb1 59. Qe2 Rh1+ 60. Kg3
Rg1+ 61. Kh2 Rg4 62. Rh3 Rb8 63. Bb2 Rb3 64. Rxb3 cxb3 65. Qe3 Qh5+ 0-1

[Event "14. Lichtenberger Sommer"]
[Site "14. Lichtenberger Sommer"]
[Date "2015.08.17"]
[Round "3.66"]
[White "Wallmann, Bodo"]
[Black "Neubart, Thomas"]
[Result "1-0"]
[WhiteElo "1834"]
[BlackElo "2042"]
[PlyCount "76"]
[EventDate "2015.??.??"]
[WhiteTeam "SC Kreuzberg"]
[BlackTeam "Berliner SchGes Eckbauer"]

1. e4 d6 2. Bc4 Nf6 3. d3 g6 4. Nf3 Bg7 5. O-O O-O 6. h3 Nbd7 7. Be3 c6 8. c3
Qc7 9. Qd2 b5 10. Bb3 Nc5 11. Bc2 a5 12. Bh6 Re8 13. Bxg7 Kxg7 14. Qe3 e5 15.
Nbd2 Ne6 16. g3 c5 17. Kh2 c4 18. dxc4 bxc4 19. Ng5 Ba6 20. Nxe6+ Rxe6 21. Rfe1
Rb8 22. b3 Ree8 23. bxc4 Nd7 24. Ba4 Rec8 25. Bxd7 Qxd7 26. Qd3 Qe6 27. Red1
Bxc4 28. Nxc4 Rxc4 29. Rab1 Rxb1 30. Rxb1 Ra4 31. a3 Rxa3 32. Rd1 Ra2 33. Kg2
Qb3 34. Qxd6 Qxc3 35. Rd3 Qe1 36. Qxe5+ f6 37. Rd7+ Kh6 38. Qf4+ g5 1-0

[Event "14. Lichtenberger Sommer"]
[Site "14. Lichtenberger Sommer"]
[Date "2015.08.17"]
[Round "3.67"]
[White "Lawrenz, Sebastian"]
[Black "Kling, Maximilian"]
[Result "1-0"]
[WhiteElo "1910"]
[BlackElo "1759"]
[PlyCount "85"]
[EventDate "2015.??.??"]
[WhiteTeam "SC Zitadelle Spandau"]
[BlackTeam "SK Kriegshaber"]

1. e4 e6 2. d4 d5 3. Nd2 dxe4 4. Nxe4 Bd7 5. Nf3 Bc6 6. Bd3 Nd7 7. Qe2 Be7 8.
O-O Ngf6 9. Re1 Nxe4 10. Bxe4 Bxe4 11. Qxe4 c6 12. c4 Nf6 13. Qe2 O-O 14. Bd2
Qc7 15. Bc3 Rad8 16. Rac1 Qb8 17. a4 Rfe8 18. Ne5 c5 19. dxc5 Bxc5 20. Red1
Rxd1+ 21. Rxd1 Rd8 22. Rd3 Rxd3 23. Qxd3 Qd6 24. a5 Kf8 25. b4 Bxf2+ 26. Kxf2
Qxd3 27. Nxd3 Ne4+ 28. Ke3 Nxc3 29. Nc5 f5 30. Nxe6+ Ke7 31. Nxg7 f4+ 32. Kxf4
Na2 33. Nf5+ Kd7 34. b5 Nb4 35. Ke4 a6 36. g4 Ke6 37. h4 axb5 38. cxb5 Nd5 39.
a6 bxa6 40. bxa6 Nc3+ 41. Kf4 Nb5 42. Nd4+ Nxd4 43. a7 1-0

[Event "14. Lichtenberger Sommer"]
[Site "14. Lichtenberger Sommer"]
[Date "2015.08.17"]
[Round "3.68"]
[White "Scheide, Helmut"]
[Black "Engelhardt, Erhard"]
[Result "1-0"]
[WhiteElo "1959"]
[BlackElo "1805"]
[PlyCount "79"]
[EventDate "2015.??.??"]
[WhiteTeam "USV Potsdam"]
[BlackTeam "SSV Rotation Berlin"]

1. Nf3 e6 2. d4 d5 3. e3 f5 4. c4 c6 5. Bd3 Bd6 6. Nc3 Nf6 7. O-O O-O 8. h3 Qe7
9. a4 a5 10. c5 Bc7 11. Bd2 Nbd7 12. Ne1 Ne4 13. Bxe4 fxe4 14. f3 e5 15. fxe4
Rxf1+ 16. Kxf1 exd4 17. exd4 dxe4 18. Be3 Qf7+ 19. Kg1 Nf6 20. Qd2 Qg6 21. Kh1
Qg3 22. Bg1 Be6 23. Ne2 Qh4 24. Ra3 Rf8 25. Be3 Nh5 26. Kg1 Qf6 27. Kh1 Qf1+
28. Ng1 Ng3+ 29. Kh2 Ne2+ 30. Kh1 Nxg1 31. Bxg1 Rf2 32. Qxf2 Qc4 33. Qc2 Qd5
34. Qd2 Qf5 35. Qf2 Qd5 36. Nc2 Bd8 37. Ra1 Qh5 38. Rf1 Bf6 39. Ne3 Qe8 40. Nf5
1-0

[Event "14. Lichtenberger Sommer"]
[Site "14. Lichtenberger Sommer"]
[Date "2015.08.17"]
[Round "3.69"]
[White "Gunkel, Wolfgang"]
[Black "Kievelitz, Bernd"]
[Result "0-1"]
[WhiteElo "1647"]
[BlackElo "1922"]
[PlyCount "52"]
[EventDate "2015.??.??"]
[WhiteTeam "SK International Berlin"]
[BlackTeam "SC Zitadelle Spandau"]

1. e4 c5 2. Nf3 e6 3. d4 cxd4 4. Nxd4 a6 5. Nc3 b5 6. Bd3 Qb6 7. Nb3 Qc7 8. Qf3
Bb7 9. Bf4 d6 10. O-O-O Nf6 11. g4 h6 12. Bxb5+ axb5 13. Bxd6 Bxd6 14. Nxb5
Bf4+ 15. Kb1 Qc6 16. N3d4 Qxe4 17. Qxe4 Bxe4 18. f3 Bd5 19. Nc3 Nbd7 20. Nxd5
Nxd5 21. Rhe1 O-O 22. h3 N7f6 23. Rd3 Bg3 24. Red1 Nf4 25. Rb3 Rfd8 26. c4 Bf2
0-1

[Event "14. Lichtenberger Sommer"]
[Site "14. Lichtenberger Sommer"]
[Date "2015.08.17"]
[Round "3.70"]
[White "Junge, Wolfgang"]
[Black "Radjenovic, Branko"]
[Result "0-1"]
[WhiteElo "1896"]
[BlackElo "1813"]
[PlyCount "132"]
[EventDate "2015.??.??"]
[WhiteTeam "SC Friesen Lichtenberg"]
[BlackTeam "SK Dragojle Babic (Berlin)"]

1. d4 Nf6 2. c4 g6 3. Nc3 d5 4. cxd5 Nxd5 5. e4 Nxc3 6. bxc3 Bg7 7. Nf3 c5 8.
Rb1 O-O 9. Be2 Qa5 10. Qd2 Rd8 11. Rb5 Qc7 12. Qb2 cxd4 13. cxd4 Nc6 14. Be3 a6
15. Rc5 Bg4 16. Qd2 Qb6 17. d5 Qb1+ 18. Qc1 Qxc1+ 19. Rxc1 Bxf3 20. gxf3 Ne5
21. O-O Rdc8 22. f4 Nd7 23. Rfd1 h5 24. e5 Nf8 25. Bf3 Rab8 26. Bc5 Bh6 27. Be3
b5 28. Kg2 a5 29. h4 b4 30. Kg3 Nd7 31. d6 exd6 32. exd6 Bg7 33. Rc7 a4 34. Ba7
b3 35. Bd5 Rxc7 36. dxc7 Rc8 37. axb3 Rxc7 38. Bd4 a3 39. Bxg7 Kxg7 40. Ra1
Rc3+ 41. Kg2 Nb6 42. Bf3 Rxb3 43. f5 Kf6 44. fxg6 fxg6 45. Bd1 Rc3 46. Kf1 Nd5
47. Ke2 Rh3 48. Kd2 Nb4 49. f3 a2 50. Kc3 Rxh4 51. Kb3 Ke5 52. Be2 Rf4 53. Bc4
Nc6 54. Rxa2 Rxf3+ 55. Ka4 Nd4 56. Rg2 Kf6 57. Kb4 Nc6+ 58. Kc5 Ne5 59. Be2 Rf4
60. Kd5 Nf7 61. Rh2 h4 62. Rg2 g5 63. Ba6 g4 64. Bc8 g3 65. Bh3 Ng5 66. Bc8 Rf2
0-1

[Event "14. Lichtenberger Sommer"]
[Site "14. Lichtenberger Sommer"]
[Date "2015.08.17"]
[Round "3.71"]
[White "Andersen, Jorgen Mosbech"]
[Black "Mildenberger, Hans"]
[Result "1-0"]
[WhiteElo "2007"]
[BlackElo "1631"]
[PlyCount "23"]
[EventDate "2015.??.??"]
[WhiteTeam "Strömmen sjakklubb"]
[BlackTeam "SG BVG Helmholz 55 (FV Schach)"]

1. c4 Nf6 2. Nc3 e6 3. e4 e5 4. d3 Bb4 5. Nge2 Nc6 6. a3 Bxc3+ 7. Nxc3 Nd4 8.
f4 d6 9. f5 O-O 10. h4 h5 11. Bg5 g6 12. Nd5 1-0

[Event "14. Lichtenberger Sommer"]
[Site "14. Lichtenberger Sommer"]
[Date "2015.08.17"]
[Round "3.72"]
[White "Strowig, Justin"]
[Black "Schmidt, Jürgen"]
[Result "1/2-1/2"]
[WhiteElo "1835"]
[BlackElo "1936"]
[PlyCount "102"]
[EventDate "2015.??.??"]
[WhiteTeam "SV Mattnetz Berlin"]
[BlackTeam "SC Kreuzberg"]

1. e4 e5 2. d4 exd4 3. c3 d5 4. exd5 Nf6 5. Nf3 dxc3 6. Nxc3 Be7 7. Bc4 O-O 8.
O-O Bg4 9. h3 Bh5 10. Bf4 a6 11. Rc1 Bd6 12. Bg3 Bxg3 13. fxg3 Qd6 14. Kh2 Nbd7
15. Bd3 Rfd8 16. Bb1 Nb6 17. Qb3 Rab8 18. Nd4 Bg6 19. Nf5 Bxf5 20. Rxf5 Nbxd5
21. Nxd5 Nxd5 22. Rcf1 Rd7 23. Qd3 g6 24. R5f3 c6 25. Bc2 Rf8 26. Bb3 Qe7 27.
Qd2 Kg7 28. h4 f5 29. h5 f4 30. h6+ Kxh6 31. Qc1 Kg7 32. gxf4 Qf6 33. f5 Qe5+
34. Kh1 Rdf7 35. Re1 Qd4 36. Bxd5 cxd5 37. Rh3 h5 38. fxg6 Rf5 39. Qc7+ Kxg6
40. Rg3+ Rg5 41. Rxg5+ Kxg5 42. Qe7+ Kg6 43. Qd6+ Rf6 44. Qg3+ Kh6 45. Kh2 Qf4
46. Qxf4+ Rxf4 47. Re7 Rb4 48. b3 Kg6 49. Rd7 Rb5 50. Kg3 Kf6 51. Kh4 d4
1/2-1/2

[Event "14. Lichtenberger Sommer"]
[Site "14. Lichtenberger Sommer"]
[Date "2015.08.17"]
[Round "3.73"]
[White "Steiner, Dominik"]
[Black "Adelberger, Georg"]
[Result "0-1"]
[WhiteElo "1622"]
[BlackElo "1926"]
[PlyCount "98"]
[EventDate "2015.??.??"]
[WhiteTeam "SR Heuberg-Gosheim"]
[BlackTeam "SC Kreuzberg"]

1. e4 e6 2. d4 d5 3. e5 c5 4. c3 Nc6 5. Nf3 Nge7 6. Bd3 Ng6 7. O-O Be7 8. Nbd2
Qb6 9. dxc5 Bxc5 10. Bxg6 hxg6 11. Nb3 Be7 12. Re1 a6 13. h3 Bd7 14. Be3 Qc7
15. Qc2 Nxe5 16. Nxe5 Qxe5 17. Bd4 Qg5 18. Bxg7 Rxh3 19. Re5 f5 20. Nd4 Rh7 21.
Qb3 Qh4 22. Kf1 Rb8 23. Rae1 Rxg7 24. Rxe6 Bxe6 25. Nxe6 Rf7 26. Qxd5 Rc8 27.
Qxb7 Qc4+ 28. Kg1 Qc6 29. Qb3 Qb5 30. Qd1 Qd7 31. Qf3 Rc6 32. Ng5 Rg7 33. Qh3
Kf8 34. Qh8+ Rg8 35. Qh6+ Rg7 36. Qh8+ Rg8 37. Qh6+ Ke8 38. Qh7 Rf8 39. Nf3 Re6
40. Rc1 Bc5 41. Qh4 Qe7 42. Qa4+ Kf7 43. Qc4 Kg7 44. b4 Bb6 45. Kf1 Rh8 46. Ng1
Re8 47. Nf3 Re2 48. Kg1 Bxf2+ 49. Kh1 Rh8+ 0-1

[Event "14. Lichtenberger Sommer"]
[Site "14. Lichtenberger Sommer"]
[Date "2015.08.17"]
[Round "3.74"]
[White "Heldt, Ronny"]
[Black "Völler, Lothar"]
[Result "1-0"]
[WhiteElo "1922"]
[BlackElo "1789"]
[PlyCount "125"]
[EventDate "2015.??.??"]
[WhiteTeam "SC Kreuzberg"]
[BlackTeam "FS Dortmund"]

1. Nf3 f5 2. c4 Nf6 3. g3 e6 4. Bg2 Be7 5. b3 O-O 6. Bb2 d6 7. d4 a5 8. a3 Qe8
9. O-O h6 10. Re1 Nbd7 11. Nc3 c6 12. e4 fxe4 13. Nxe4 Nxe4 14. Rxe4 Nf6 15.
Re1 Qh5 16. Nh4 Ng4 17. h3 Bxh4 18. hxg4 Qf7 19. Qc2 Bf6 20. Be4 d5 21. Bh7+
Kh8 22. Bg6 Qc7 23. Rac1 Bd7 24. f4 c5 25. cxd5 exd5 26. Qxc5 Qxc5 27. Rxc5
Bxg4 28. Rxd5 Rfd8 29. Rxd8+ Rxd8 30. Kf2 Bd7 31. Be4 Be6 32. Bxb7 Bxb3 33. Ke3
Bc4 34. Rc1 Rb8 35. Be4 Rxb2 36. Rxc4 g5 37. Rc8+ Kg7 38. Rc7+ Kf8 39. Bd5
gxf4+ 40. gxf4 Be7 41. Rc8+ Kg7 42. a4 Bh4 43. Rg8+ Kf6 44. Rg2 Rxg2 45. Bxg2
Be1 46. Ke4 h5 47. Bh3 Bb4 48. Kd5 h4 49. Kc6 Bc3 50. d5 Ke7 51. Kc7 Bb4 52. f5
Bd6+ 53. Kc6 Be5 54. d6+ Kd8 55. Kd5 Bg7 56. Ke6 Bh6 57. f6 Bf8 58. d7 Bd6 59.
Kf7 Be5 60. Kg6 Bc7 61. f7 Ke7 62. Kg7 Be5+ 63. Kg8 1-0

[Event "14. Lichtenberger Sommer"]
[Site "14. Lichtenberger Sommer"]
[Date "2015.08.17"]
[Round "3.75"]
[White "Genot, Frank"]
[Black "Nam, Seung-Zin"]
[Result "1/2-1/2"]
[WhiteElo "1822"]
[BlackElo "1608"]
[PlyCount "82"]
[EventDate "2015.??.??"]
[WhiteTeam "Club du Canal St-Martin Paris"]
[BlackTeam "SK Bebenhausen"]

1. e4 c5 2. Nc3 d6 3. f4 Nf6 4. Nf3 a6 5. g3 Bg4 6. Bg2 e6 7. O-O h5 8. h3 Bxf3
9. Qxf3 Nc6 10. Ne2 Qb6 11. c4 e5 12. b3 Be7 13. Bb2 Nd4 14. Nxd4 cxd4 15. d3
a5 16. Ba3 Nd7 17. Rab1 Bf6 18. h4 Qc6 19. Bh3 Rh6 20. Bxd7+ Qxd7 21. f5 b6 22.
Rf2 g5 23. Bc1 Qe7 24. hxg5 Bxg5 25. f6 Rxf6 26. Qxh5 Be3 27. Bxe3 dxe3 28.
Rxf6 Qxf6 29. Rf1 Qg7 30. Qf3 e2 31. Re1 Qg5 32. Rxe2 Qc1+ 33. Kg2 Ke7 34. Rf2
Rf8 35. Qf5 f6 36. Qf3 Qh6 37. Kf1 Rh8 38. Ke2 Qg5 39. Qe3 Qg4+ 40. Qf3 Qg5 41.
Qe3 Qg4+ 1/2-1/2

[Event "14. Lichtenberger Sommer"]
[Site "14. Lichtenberger Sommer"]
[Date "2015.08.17"]
[Round "3.76"]
[White "Jacob, Karl"]
[Black "Winkler, Johannes"]
[Result "1-0"]
[WhiteElo "1784"]
[BlackElo "1540"]
[PlyCount "45"]
[EventDate "2015.??.??"]
[WhiteTeam "SF Hettstedt"]
[BlackTeam "SF 1903 Berlin"]

1. Nf3 d5 2. d4 Nf6 3. Bf4 c5 4. e3 cxd4 5. exd4 Nc6 6. c3 Bg4 7. Nbd2 Qb6 8.
Qb3 Qxb3 9. axb3 Nh5 10. Bg3 Nxg3 11. hxg3 e6 12. Bd3 Bf5 13. Bxf5 exf5 14. O-O
Be7 15. Rfe1 O-O 16. Ne5 Nxe5 17. Rxe5 Bf6 18. Rxd5 Rfe8 19. Kf1 g6 20. Rd7 Re7
21. Rxe7 Bxe7 22. Nc4 Kf8 23. Nb6 1-0

[Event "14. Lichtenberger Sommer"]
[Site "14. Lichtenberger Sommer"]
[Date "2015.08.17"]
[Round "3.77"]
[White "Bullig, Reinhard"]
[Black "Bonke, Hans-Jürgen"]
[Result "1/2-1/2"]
[WhiteElo "1772"]
[BlackElo "1962"]
[PlyCount "89"]
[EventDate "2015.??.??"]
[WhiteTeam "SF 1903 Berlin"]
[BlackTeam "SC Kreuzberg"]

1. c4 g6 2. g3 Bg7 3. Bg2 d6 4. Nc3 c6 5. e4 Nd7 6. d3 Ngf6 7. Be3 h6 8. f3 O-O
9. Nge2 Kh7 10. O-O e6 11. Rb1 d5 12. cxd5 cxd5 13. Bf2 Nb6 14. Qb3 e5 15. d4
exd4 16. Bxd4 Nc4 17. Rfd1 Na5 18. Qc2 dxe4 19. Bc5 Qc7 20. Bxf8 Bxf8 21. b4
exf3 22. Nd4 fxg2 23. bxa5 Bh3 24. Rb5 Rc8 25. Rc1 Qc4 26. Nce2 Qxc2 27. Rxc2
Rxc2 28. Nxc2 b6 29. axb6 axb6 30. Nf4 Bd7 31. Rb2 g5 32. Nxg2 Bc5+ 33. Kf1 Ng4
34. Ke2 Nxh2 35. Nce3 Bc6 36. Kd3 Nf3 37. Ke2 Nd4+ 38. Kf2 Nf5 39. g4 Nd6 40.
Kg3 Ne4+ 41. Kh3 Kg6 42. Nc4 Bd4 43. Rb4 Nf2+ 44. Kg3 Ne4+ 45. Kh2 1/2-1/2

[Event "14. Lichtenberger Sommer"]
[Site "14. Lichtenberger Sommer"]
[Date "2015.08.17"]
[Round "3.78"]
[White "Günther, Boris"]
[Black "Nabel, Matthias"]
[Result "0-1"]
[WhiteElo "1626"]
[BlackElo "1802"]
[PlyCount "88"]
[EventDate "2015.??.??"]
[WhiteTeam "SF Friedrichshagen"]
[BlackTeam "SV Motor Wildau"]

1. d4 d5 2. c4 c6 3. Nc3 Nf6 4. Nf3 dxc4 5. a4 Bf5 6. e3 e6 7. Bxc4 Bb4 8. O-O
O-O 9. Qe2 Bg4 10. h3 Bh5 11. Rd1 Bg6 12. Ne5 Nbd7 13. Nxg6 hxg6 14. e4 Nb6 15.
Bb3 a5 16. Bg5 Be7 17. d5 exd5 18. exd5 Nfxd5 19. Bxe7 Qxe7 20. Bxd5 Qxe2 21.
Bxf7+ Rxf7 22. Nxe2 Nd5 23. Ra3 Raf8 24. f3 Re8 25. Ng3 Nf6 26. Rad3 Rfe7 27.
Rd8 Kf7 28. Rxe8 Kxe8 29. Rd4 Kf7 30. Kf2 Re5 31. Ne4 Nxe4+ 32. fxe4 Ke7 33.
Kf3 Rc5 34. g3 b5 35. axb5 cxb5 36. Rd5 Rxd5 37. exd5 a4 38. Ke4 b4 39. Kd3 a3
40. bxa3 bxa3 41. Kc3 Kd6 42. h4 Kxd5 43. g4 Ke4 44. h5 g5 0-1

[Event "14. Lichtenberger Sommer"]
[Site "14. Lichtenberger Sommer"]
[Date "2015.08.17"]
[Round "3.79"]
[White "Baranowsky, Peter"]
[Black "Möller, Dirk"]
[Result "1-0"]
[WhiteElo "1972"]
[BlackElo "1571"]
[PlyCount "45"]
[EventDate "2015.??.??"]
[WhiteTeam "SF 1903 Berlin"]
[BlackTeam "SC Kreuzberg"]

1. Nf3 Nc6 2. d4 d5 3. c4 Nf6 4. Nc3 e6 5. Bg5 Be7 6. e3 O-O 7. a3 dxc4 8. Bxc4
Nd5 9. Bxe7 Ncxe7 10. O-O c6 11. Rc1 Qc7 12. Ba2 f5 13. Ne5 Ng6 14. Nxd5 exd5
15. Bxd5+ Kh8 16. Nxg6+ hxg6 17. Qf3 f4 18. g4 fxg3 19. Qxf8+ Kh7 20. Qg8+ Kh6
21. hxg3 Qd6 22. Qh8+ Kg5 23. Qh4+ 1-0

[Event "14. Lichtenberger Sommer"]
[Site "14. Lichtenberger Sommer"]
[Date "2015.08.17"]
[Round "3.80"]
[White "Fiedler, Ronald"]
[Black "Schmalzried, Volker"]
[Result "0-1"]
[WhiteElo "1692"]
[BlackElo "1881"]
[PlyCount "68"]
[EventDate "2015.??.??"]
[WhiteTeam "Läufer Reinickendorf"]
[BlackTeam "vereinslos"]

1. d4 g6 2. c4 Bg7 3. Nc3 c5 4. d5 d6 5. e4 Nf6 6. Be2 O-O 7. Be3 Na6 8. Nf3
Nc7 9. O-O a6 10. Nd2 Rb8 11. f4 b5 12. Rb1 bxc4 13. Nxc4 Nb5 14. Bf3 Nxc3 15.
bxc3 Rxb1 16. Qxb1 e6 17. Nxd6 Nxd5 18. Bxc5 Nxc3 19. Qc2 Qc7 20. Ba3 Rd8 21.
e5 Bf8 22. Rc1 Qb6+ 23. Kh1 Bxd6 24. Bxd6 Nb5 25. Be7 Bd7 26. Bxd8 Qxd8 27. Qd2
Qe8 28. h3 Kg7 29. Qa5 Nd4 30. Bd1 Qa8 31. Qc5 Qe4 32. Bc2 Qxf4 33. Bd3 Bc6 34.
Rf1 Qg3 0-1

[Event "14. Lichtenberger Sommer"]
[Site "14. Lichtenberger Sommer"]
[Date "2015.08.17"]
[Round "3.81"]
[White "Rudolph, Stephanie"]
[Black "Pathasart, Somchay"]
[Result "1/2-1/2"]
[WhiteElo "1910"]
[BlackElo "1375"]
[PlyCount "52"]
[EventDate "2015.??.??"]
[WhiteTeam "SF Friedrichshagen"]
[BlackTeam "vereinslos"]

1. d4 d5 2. Nf3 Nf6 3. c4 dxc4 4. Nc3 Bg4 5. Ne5 Bf5 6. Qa4+ c6 7. Qxc4 e6 8.
e3 Be7 9. Be2 O-O 10. O-O Nbd7 11. Nxd7 Qxd7 12. b4 b5 13. Qb3 a5 14. bxa5 Rxa5
15. Bb2 Rfa8 16. Bf3 b4 17. Ne2 Ne4 18. Rfd1 Qa7 19. g4 Bg6 20. Nf4 Nf6 21.
Nxg6 hxg6 22. Bxc6 Rc8 23. Bf3 Rg5 24. h4 Ra5 25. g5 Nd5 26. Bxd5 exd5 1/2-1/2

[Event "14. Lichtenberger Sommer"]
[Site "14. Lichtenberger Sommer"]
[Date "2015.08.17"]
[Round "3.82"]
[White "Semenishchev, Vladimir"]
[Black "Birkestrand, Odd"]
[Result "0-1"]
[WhiteElo "750"]
[BlackElo "1789"]
[PlyCount "20"]
[EventDate "2015.??.??"]
[WhiteTeam "SC Friesen Lichtenberg"]
[BlackTeam "Masfjorden Sjakklubb"]

1. e4 e5 2. Nf3 Nc6 3. Bc4 Nf6 4. Ng5 d5 5. exd5 Nd4 6. d6 Qxd6 7. Nxf7 Qc6 8.
Bb3 Qxg2 9. Rf1 Qe4+ 10. Qe2 Qxe2# 0-1

[Event "14. Lichtenberger Sommer"]
[Site "14. Lichtenberger Sommer"]
[Date "2015.08.17"]
[Round "3.83"]
[White "Große-Honebrink, Brigitte"]
[Black "Nguyen Duc, Quang Nhat"]
[Result "1-0"]
[WhiteElo "1887"]
[BlackElo "1604"]
[PlyCount "109"]
[EventDate "2015.??.??"]
[WhiteTeam "SC Kreuzberg"]
[BlackTeam "SC Friesen Lichtenberg"]

1. d4 d5 2. Nf3 Bg4 3. e3 e6 4. Be2 Nf6 5. O-O Be7 6. Ne5 Bxe2 7. Qxe2 a6 8. c4
Nbd7 9. Nc3 c6 10. cxd5 cxd5 11. Bd2 O-O 12. Rac1 Nxe5 13. dxe5 Nd7 14. f4 Nb6
15. b3 Ba3 16. Rc2 Rc8 17. Qd3 Qc7 18. Bc1 Bb4 19. Bb2 d4 20. Qxd4 Bc5 21. Qe4
Rfd8 22. Rfc1 Qd7 23. b4 Bf8 24. Rd1 Qe7 25. Rxd8 Rxd8 26. a3 Rd7 27. h3 Qh4
28. Kh2 Qd8 29. Ne2 Nd5 30. Bd4 g6 31. Nc3 Qb8 32. Nxd5 Rxd5 33. Bc5 Bxc5 34.
Rxc5 Rxc5 35. bxc5 Qc7 36. Qd4 Kg7 37. Kg3 Qa5 38. Qb4 Qc7 39. Kf2 Qc6 40. Qd4
Qb5 41. Qc3 Qc6 42. Qd4 Qb5 43. a4 Qc6 44. e4 Qe8 45. g4 Qe7 46. Kg3 h6 47. f5
gxf5 48. exf5 exf5 49. gxf5 Kh7 50. f6 Qe6 51. Qe4+ Kh8 52. Kh4 a5 53. Qg4
Qxg4+ 54. Kxg4 Kh7 55. Kh5 1-0

[Event "14. Lichtenberger Sommer"]
[Site "14. Lichtenberger Sommer"]
[Date "2015.08.17"]
[Round "3.84"]
[White "Kapr, Klaus"]
[Black "Straßburg, Robin"]
[Result "1-0"]
[WhiteElo "2035"]
[BlackElo "1105"]
[PlyCount "55"]
[EventDate "2015.??.??"]
[WhiteTeam "SC Friesen Lichtenberg"]
[BlackTeam "SC Eintracht Berlin e.V."]

1. e4 c5 2. Nf3 e6 3. d4 cxd4 4. Nxd4 a6 5. Bd3 Qc7 6. O-O b5 7. Be3 Bb7 8. a4
bxa4 9. Rxa4 Nf6 10. Nc3 d5 11. exd5 Nxd5 12. Nxd5 Bxd5 13. Qg4 g6 14. f4 Bg7
15. f5 Bc6 16. Nxc6 Qxc6 17. fxe6 O-O 18. Rxf7 Rxf7 19. exf7+ Kf8 20. Be4 h5
21. Qf3 Qc7 22. Bxa8 Qxc2 23. Be4 Qc7 24. Bxg6 Bxb2 25. Bh6+ Bg7 26. Bxg7+ Kxg7
27. f8=Q+ Kxg6 28. Q3f5# 1-0

[Event "14. Lichtenberger Sommer"]
[Site "14. Lichtenberger Sommer"]
[Date "2015.08.17"]
[Round "3.85"]
[White "Ollek, Karl-Heinz"]
[Black "Bezy, Cedric"]
[Result "0-1"]
[WhiteElo "1726"]
[BlackElo "1780"]
[PlyCount "106"]
[EventDate "2015.??.??"]
[WhiteTeam "SC Friesen Lichtenberg"]
[BlackTeam "La Diagonale - Eybens"]

1. Nf3 d5 2. g3 Nc6 3. Bg2 g6 4. d4 Bg7 5. O-O Nf6 6. Nbd2 O-O 7. b3 a5 8. a4
Re8 9. Bb2 e6 10. h3 b6 11. Ne5 Nxe5 12. dxe5 Nd7 13. f4 Bb7 14. c4 Nc5 15. Bd4
Na6 16. Bb2 Qb8 17. Rc1 Rd8 18. cxd5 Bxd5 19. Bxd5 Rxd5 20. Rf3 Qd8 21. Bc3 Bf8
22. Qe1 Ba3 23. Rd1 Bc5+ 24. Kg2 Nb4 25. Bxb4 Bxb4 26. Rd3 Rxd3 27. exd3 Qxd3
28. Qe4 Qd5 29. Qxd5 exd5 30. Nf3 c6 31. Kf2 Bc5+ 32. Ke2 h6 33. g4 Re8 34. Kd3
Kf8 35. f5 Ke7 36. Re1 Rg8 37. f6+ Kd7 38. e6+ fxe6 39. Ne5+ Kc7 40. f7 Rg7 41.
Rf1 Bf8 42. Rf6 Kd6 43. Nxg6 Rxg6 44. Rxg6 Ke7 45. g5 Kxf7 46. Rf6+ Ke7 47. h4
hxg5 48. hxg5 Bg7 49. Rf1 e5 50. Rf2 e4+ 51. Ke3 c5 52. Rf5 Ke6 53. Kf4 e3 0-1

[Event "14. Lichtenberger Sommer"]
[Site "14. Lichtenberger Sommer"]
[Date "2015.08.17"]
[Round "3.86"]
[White "Schmidt, Fabian"]
[Black "Getzuhn, Detlef"]
[Result "1/2-1/2"]
[WhiteElo "1766"]
[BlackElo "1889"]
[PlyCount "82"]
[EventDate "2015.??.??"]
[WhiteTeam "Königsjäger Süd-West"]
[BlackTeam "SV Senat (FV Schach)"]

1. e4 d5 2. exd5 Nf6 3. d4 Nxd5 4. c4 Nb6 5. Nc3 c6 6. Be3 g6 7. Nf3 Bg7 8. Qd2
Bg4 9. Ne5 Bxe5 10. dxe5 Qxd2+ 11. Bxd2 N8d7 12. f4 O-O-O 13. h3 Be6 14. b3 Nc5
15. O-O-O Nd3+ 16. Bxd3 Rxd3 17. Ne4 Rhd8 18. Nc5 R3d4 19. Nxe6 fxe6 20. Be3
Rxd1+ 21. Rxd1 Rxd1+ 22. Kxd1 Nd7 23. Ke2 a5 24. Kf3 Kc7 25. Kg4 h6 26. h4 Kd8
27. Bd2 b6 28. Be3 Ke8 29. Bd4 Kf7 30. h5 c5 31. Bc3 Nb8 32. hxg6+ Kxg6 33. Kf3
h5 34. Ke4 Na6 35. Be1 Nc7 36. Bh4 Kf7 37. Bg5 Ne8 38. Bh6 Kg6 39. Bg5 Kf7 40.
Bh6 Kg6 41. Bg5 Kf7 1/2-1/2

[Event "14. Lichtenberger Sommer"]
[Site "14. Lichtenberger Sommer"]
[Date "2015.08.17"]
[Round "3.87"]
[White "Bergmann, Jens"]
[Black "Mueller, Jörg René"]
[Result "1-0"]
[WhiteElo "1907"]
[BlackElo "1489"]
[PlyCount "81"]
[EventDate "2015.??.??"]
[WhiteTeam "SK Tempelhof 1931"]
[BlackTeam "SC Zugzwang 95 (Berlin)"]

1. e4 c5 2. Nf3 d6 3. Bc4 e6 4. O-O Nc6 5. a3 g6 6. d4 Bg7 7. d5 Ne5 8. dxe6
fxe6 9. Nxe5 Bxe5 10. Qg4 Nf6 11. Qh3 d5 12. Bb5+ Bd7 13. Qxe6+ Qe7 14. Bxd7+
Nxd7 15. Qxe7+ Kxe7 16. exd5 Kd6 17. c4 Raf8 18. Nd2 Nf6 19. Nf3 Re8 20. Re1
Nd7 21. Rxe5 Nxe5 22. Bf4 Rhf8 23. Bxe5+ Rxe5 24. Nxe5 Kxe5 25. Rd1 Kd6 26. f3
Re8 27. Kf2 h6 28. Re1 Rg8 29. Re6+ Kd7 30. Ke3 h5 31. Ke4 g5 32. Ke5 g4 33. f4
h4 34. f5 g3 35. h3 a5 36. a4 Rh8 37. f6 Rh5+ 38. Kf4 Rh8 39. Kg5 Kd8 40. f7
Rf8 41. Kg6 1-0